|
|
|
|
| LEADER |
00000nab a2200000 a 4500 |
| 001 |
vtls000670605 |
| 003 |
SK-MaSNL |
| 005 |
20260304101249.0 |
| 008 |
250426c1998 xo 0 slo |
| 015 |
|
|
|a SNBRB1998/08-21118
|
| 035 |
|
|
|a CLN000022782
|
| 035 |
|
|
|a urn:nbn:sk:snk-abdpzv
|
| 035 |
|
|
|a (urnnbn)urn:nbn:sk:snk:ar-001flc
|
| 035 |
|
|
|a (uuid)7d41ceff-d200-41df-9acd-8c55c3b61e06
|
| 040 |
|
|
|a SNKBUCL
|b slo
|c SNKBUCL
|e AACR2
|
| 041 |
0 |
|
|a slo
|
| 044 |
|
|
|a xo
|c SK
|
| 080 |
|
|
|a 792:061.25(100)
|2 1997
|
| 080 |
|
|
|a 82:061.3
|2 1997
|
| 100 |
1 |
|
|a Dlouhý, Oleg,
|d 1951-2014
|4 aut
|9 103456
|
| 245 |
1 |
0 |
|a Jeden dotyk s európskym kultúrnym kontextom
|b (Berlín máj 1998)
|c Oleg Dlouhý
|
| 300 |
|
|
|b Obr.
|
| 610 |
2 |
7 |
|a ASITEJ
|2 snkbucl
|9 1396410
|
| 648 |
|
7 |
|a 22.-28.5.1998
|2 snkbucl
|9 1396411
|
| 650 |
0 |
7 |
|a divadlo pre deti a mládež
|2 snkbucl
|9 761548
|
| 650 |
0 |
7 |
|a tvorivé dielne
|2 snkbucl
|9 372631
|
| 655 |
|
7 |
|a články z novín a časopisov
|2 snkbucl
|9 267496
|
| 773 |
0 |
|
|t Javisko
|g Roč. 30, č. 7-8 (1998), s. 44-45
|x 0323-2883
|
| 850 |
|
|
|a Slovenská národná knižnica
|
| 852 |
|
|
|a Slovenská národná knižnica
|
| 954 |
|
|
|a odborná, vedecká literatúra pôvodná (slovenská)
|2 lita
|
| 958 |
|
|
|a article19
|
| 958 |
|
|
|a OND
|
| 958 |
|
|
|a LX
|
| 958 |
|
|
|a EUIPO
|
| 992 |
|
|
|a RBX
|
| 999 |
|
|
|c 2841213
|d 2843143
|